[Event "2nd UNAM Open Section I 2012"]
[Site "Mexico City MEX"]
[Date "2012.11.24"]
[Round "6.10"]
[White "Gonzalez Garcia,J2"]
[Black "Capo Vidal,U"]
[Result "1-0"]
[WhiteElo "2497"]
[BlackElo "2319"]

1.d4 d5 2.c4 e6 3.Nf3 Nf6 4.Nc3 Be7 5.Bf4 O-O 6.e3 Nbd7 7.Be2 dxc4 8.O-O a6
9.a4 c5 10.d5 exd5 11.Nxd5 Nxd5 12.Qxd5 Nf6 13.Qe5 Be6 14.Ng5 Bd7 15.Bxc4 Ng4
16.Qd5 Bc6 17.Qf5 Bxg5 18.Bxg5 Qc8 19.Qf4 Kh8 20.Be2 f6 21.Bxg4 fxg5 22.Qxg5 Qe8
23.Qxc5 Qg6 24.f3 Rad8 25.e4 Qf6 26.e5 Qf4 27.g3 Qg5 28.Ra3 Rfe8 29.Re1 Rd5
30.Qe3 Rexe5 31.Qxg5 Rxe1+ 32.Kf2 Rxg5 33.Kxe1 h5 34.Bh3 Rc5 35.Kd2 Rd5+
36.Rd3 Rxd3+ 37.Kxd3 Bxa4 38.Kd4 g6 39.Kc5 b5 40.b4 g5 41.Bc8 Bd1 42.Bxa6 Bxf3
43.Bxb5 Kg7 44.Bc6 Be2 45.b5 Kf6 46.b6 Ba6 47.Kd6 Kf5 48.h4  1-0

[Event "TCh-AUT 2 Mitte 2012-13"]
[Site "Sauwald AUT"]
[Date "2012.11.24"]
[Round "4.3"]
[White "Pataki,G"]
[Black "Singer,C"]
[Result "1/2-1/2"]
[WhiteElo "2367"]
[BlackElo "2325"]

1.d4 d5 2.c4 e6 3.Nc3 Be7 4.Nf3 Nf6 5.Bf4 O-O 6.e3 b6 7.cxd5 Nxd5 8.Nxd5 Qxd5
9.Bd3 Qa5+ 10.Nd2 Ba6 11.Bxa6 Nxa6 12.O-O c5 13.Qe2 cxd4 14.Nb3 Qa4 15.Nxd4 Rfc8
16.b3 Qa5 17.a3 Bf6 18.Bg3 Bxd4 19.exd4 Nc7 20.Be5 Ne8 21.Qf3 Qc3 22.Qd1 f6
23.Bf4 Rd8 24.Be3 e5 25.Rc1 Qa5 26.Qg4 exd4 27.Bxd4 Qxa3 28.Qe6+ Kh8 29.Rfe1 h6
30.Be3 Qf8 31.h3 Qg8 32.Qf5 Qxb3 33.Bxh6 Qf7 34.Bf4 Kg8 35.h4 a5 36.Qb5 a4
37.Qxb6 a3 38.Ra1 a2 39.Qb2 Qc4 40.Bg3 Ra6 41.Rec1 Qd5 42.Qe2 Rda8 43.Rc2 Re6
44.Qd2 Qxd2 45.Rxd2 Rea6 46.Bf4 Kf7 47.Re2 f5  1/2-1/2

[Event "TCh-CZE Div1 Vychod 2012-13"]
[Site "Czech Republic CZE"]
[Date "2012.11.25"]
[Round "3.2"]
[White "Chytilek,R"]
[Black "Karasek,L"]
[Result "1/2-1/2"]
[WhiteElo "2397"]
[BlackElo "2190"]

1.Nf3 Nf6 2.d4 e6 3.c4 d5 4.Nc3 Be7 5.Bf4 O-O 6.e3 c5 7.dxc5 Bxc5 8.a3 dxc4
9.Qc2 Nbd7 10.Bxc4 a6 11.Bd3 b6 12.b4 Be7 13.Ne4 Nd5 14.O-O Nxf4 15.exf4 Bb7
16.Neg5 g6 17.Rad1 Bd5 18.h4 Nf6 19.Ne5 Rc8 20.Qb1 b5 21.f5 Qd6 22.Rfe1 exf5
23.Bxf5 gxf5 24.Qxf5 Be6 25.Nxe6 Qxe6 26.Qg5+ Kh8 27.Ng6+ hxg6 28.Rxe6 fxe6
29.Qh6+ Nh7 30.Rd7 Rf7 31.Qxg6 Rg7 32.Qh6 Rcg8 33.g3 Bg5 34.hxg5 Rxd7 35.g6 Re7
36.gxh7 Rgg7 37.Kg2 Re8 38.Qh4 Rxh7 39.Qd4+ e5 40.Qb6 Rf7 41.Qxa6 Ref8 42.Qxb5 Rxf2+
43.Kh3 R2f5 44.Kg4 e4 45.Qc6 Re5 46.Qh6+ Kg8 47.Qg6+ Kh8 48.Qh6+ Kg8 49.Qg6+  1/2-1/2

[Event "2nd UNAM Fem Final 2012"]
[Site "Mexico City MEX"]
[Date "2012.11.25"]
[Round "1"]
[White "Alexandrova,O"]
[Black "Ordaz Valdes,L"]
[Result "1/2-1/2"]
[WhiteElo "2409"]
[BlackElo "2350"]

1.d4 d5 2.c4 e6 3.Nc3 Be7 4.Nf3 Nf6 5.Bf4 O-O 6.e3 c5 7.dxc5 Bxc5 8.cxd5 Nxd5
9.Nxd5 exd5 10.a3 Nc6 11.Bd3 h6 12.O-O Qf6 13.b4 Bb6 14.b5 Nd4 15.Nxd4 Bxd4
16.Rb1 Bb6 17.Qh5 Be6 18.Qe5 Qxe5 19.Bxe5 Rac8 20.Rfc1 f6 21.Bb2 Kf7 22.Kf1 Rfd8
23.Rxc8 Rxc8 24.Ke2 Bg4+ 25.Kf1 Be6 26.Rc1 Rxc1+ 27.Bxc1 d4 28.Ke2 dxe3 29.Bxe3 Bxe3
30.Kxe3 Ke7 31.Kd4 Kd6 32.f4 b6 33.g3  1/2-1/2

[Event "2nd UNAM Fem Final 2012"]
[Site "Mexico City MEX"]
[Date "2012.11.25"]
[Round "4"]
[White "Alexandrova,O"]
[Black "Ordaz Valdes,L"]
[Result "1/2-1/2"]
[WhiteElo "2409"]
[BlackElo "2350"]

1.d4 d5 2.c4 e6 3.Nc3 Be7 4.Nf3 Nf6 5.Bf4 O-O 6.e3 c5 7.dxc5 Bxc5 8.cxd5 Nxd5
9.Nxd5 exd5 10.a3 Nc6 11.Bd3 h6 12.O-O Qf6 13.b4 Bb6 14.b5 Nd4 15.Nxd4 Bxd4
16.Rb1 Bb6 17.Bg3 Bf5 18.Bxf5 Qxf5 19.Qd2 d4 20.exd4 Rfd8 21.Qf4 Qxf4 22.Bxf4 Rxd4
23.Be3 Ra4 24.Rb3 Re8 25.Re1 Bc5 26.Kf1 Bxe3 27.Rexe3 Rxe3 28.Rxe3 Ra5 29.Rb3 Kf8
30.Ke2 Ke7 31.Kd2 Kd6 32.Kc2 Kc5 33.Rg3 g6 34.Rf3 Rxb5 35.Rxf7 Rb6 36.Kc3 Kd5
37.f3 Ke6 38.Rh7 h5 39.g4 hxg4 40.fxg4 Ke5 41.Rf7 Rc6+ 42.Kb3 Rb6+ 43.Kc3 Ke4
44.h4 Rc6+ 45.Kb4 Rb6+ 46.Kc5 Rc6+ 47.Kb4 Rb6+ 48.Kc3 Rc6+ 49.Kb4 Rb6+  1/2-1/2

[Event "Doroshkevicha Mem Open 2012"]
[Site "Sochi RUS"]
[Date "2012.11.28"]
[Round "3"]
[White "Lastin,A"]
[Black "Lugovskoy,M"]
[Result "1/2-1/2"]
[WhiteElo "2530"]
[BlackElo "2395"]

1.d4 d5 2.c4 e6 3.Nf3 Nf6 4.Nc3 Be7 5.Bf4 O-O 6.e3 b6 7.Rc1 Bb7 8.cxd5 Nxd5
9.Nxd5 Qxd5 10.a3 Bd6 11.Bg3 Nd7 12.Qa4 Nf6 13.Ba6 Bxa6 14.Qxa6 Bxg3 15.hxg3 c5
16.dxc5 Rfc8 17.b4 bxc5 18.O-O Ne4  1/2-1/2

[Event "ch-Commonwealth 2012"]
[Site "Chennai IND"]
[Date "2012.12.01"]
[Round "11"]
[White "Rajesh,VA"]
[Black "Visakh,NR"]
[Result "1/2-1/2"]
[WhiteElo "2370"]
[BlackElo "2152"]

1.d4 Nf6 2.c4 e6 3.Nf3 d5 4.Nc3 Be7 5.Bf4 O-O 6.e3 Nbd7 7.c5 c6 8.h3 b6 9.b4 a5
10.a3 Ba6 11.Bxa6 Rxa6 12.O-O b5 13.Qc2 Qa8 14.Rab1 axb4 15.axb4 Qb7 16.Nd2 Re8
17.Nb3 Bd8 18.Ra1 Nb8 19.Bxb8 Rxa1 20.Rxa1 Qxb8 21.Qa2 Bc7 22.Qa6 Rc8 23.Ne2 Kf8
24.Kf1 Bd8 25.Nf4 Nd7 26.Nd3 f6 27.f4 Ke7 28.Nd2 Qc7 29.Re1 Kf7 30.Nf3 Qb8
31.Ra1 Ke8 32.Nd2 Nf8 33.g4 Ng6 34.Nf3 Ne7 35.Ke2 Rc7 36.Nf2 Kd7 37.Qa2 Nc8
38.Qb1 g6 39.h4 Ra7 40.Rxa7+ Qxa7 41.f5 exf5 42.gxf5 Ne7 43.fxg6 hxg6 44.Ng4 Nf5
45.Kd2 Ng3 46.Nf2 Qa3 47.h5 gxh5 48.Nh4 Kc7 49.Nf5 Nxf5 50.Qxf5 Qxb4+ 51.Ke2 Qc4+
52.Kf3 Kb7 53.Qh7+ Bc7 54.Qxh5 b4 55.Qf5 b3 56.Qb1 Qc2 57.Qxc2 bxc2 58.Nd3 Ba5
59.Ke2 Bb4 60.Nc1 Ka6 61.Kd3 Ba3 62.Kxc2 Bxc1 63.Kxc1 Kb5 64.Kd2 Kc4 65.Ke2 Kc3
66.Kf3 Kd3 67.Kf4 f5 68.Kxf5 Kxe3 69.Ke5 Kd3 70.Kd6 Kxd4 71.Kxc6 Ke4 72.Kb5 d4
73.c6 d3 74.c7 d2 75.c8=Q d1=Q 76.Qe8+  1/2-1/2

[Event "Frau Bundesliga Div1 2012-13"]
[Site "Germany GER"]
[Date "2012.12.02"]
[Round "4.2"]
[White "Zatonskih,A"]
[Black "Pokorna,Reg"]
[Result "1-0"]
[WhiteElo "2499"]
[BlackElo "2352"]

1.d4 d5 2.c4 e6 3.Nc3 Be7 4.Nf3 Nf6 5.Bf4 O-O 6.e3 Nbd7 7.cxd5 Nxd5 8.Nxd5 exd5
9.Bd3 c5 10.O-O c4 11.Bc2 b5 12.b3 Nf6 13.bxc4 bxc4 14.Ne5 Bd6 15.Bg5 h6
16.Bh4 Be7 17.Nc6 Qc7 18.Nxe7+ Qxe7 19.Rb1 Be6 20.Qd2 Ne4 21.Bxe7 Nxd2 22.Bxf8 Kxf8
23.Rb7 Nxf1 24.Kxf1 Ke8 25.Ke2 Kd8 26.Kd2 Kc8 27.Rb5 Kc7 28.Kc3 a6 29.Rb1 Rd8
30.Kb4 Rd6 31.Kc3 Bc8 32.Re1 Bb7 33.f3 Re6 34.e4 f5 35.e5 g6 36.h4 h5 37.g4 fxg4
38.fxg4 hxg4 39.Rg1 Bc6 40.Rxg4 Be8 41.Rg1 Rb6 42.Rf1 Kd8 43.Rf8 Ke7 44.Rh8 a5
45.Rh6 Re6 46.Rh7+ Bf7 47.Rh8 Be8 48.Bd1 Rb6 49.Bf3 Bf7 50.Ra8 Rb5 51.Ra7+ Kf8
52.Bg4 Be8 53.e6 Rb1 54.Bf3 Rb5 55.Bg4 Rb1 56.Bf3 Rb5 57.Kc2 a4 58.Rxa4 Rb6
59.Ra8 Rxe6 60.Bxd5 Re2+ 61.Kc3 Ke7 62.Ra7+ Kd6 63.Bxc4 Rh2 64.Ra6+ Kc7 65.Re6 Rh3+
66.Kb4 Kd7 67.Re4 Kd8 68.a4 Rh1 69.a5 Rb1+ 70.Kc5  1-0

[Event "Vietnam National Masters Women 2012"]
[Site "Ho Chi Minh City VIE"]
[Date "2012.12.02"]
[Round "5.8"]
[White "Tran Le Dan Thuy"]
[Black "Ngo Thi Kim Tuyen"]
[Result "0-1"]
[WhiteElo "1884"]
[BlackElo "2078"]

1.d4 Nf6 2.c4 e6 3.Nc3 d5 4.Nf3 Be7 5.Bf4 O-O 6.e3 c6 7.Bd3 dxc4 8.Bxc4 b5
9.Bd3 a6 10.O-O Nbd7 11.Ne5 Bb7 12.Qf3 Nxe5 13.Bxe5 Nd7 14.Bf4 f5 15.h3 Qc8
16.Qg3 Rf6 17.f3 c5 18.Ne2 Rg6 19.Qh2 Qf8 20.e4 cxd4 21.exf5 exf5 22.Ng3 Nc5
23.Bxf5 Rxg3 24.Bxh7+ Kxh7 25.Qxg3 Nd3 26.Be5 Nxe5 27.Qxe5 Bf6 28.Qf5+ Kg8
29.Rfe1 Rd8 30.Rad1 Qf7 31.b3 Bh4 32.Qxf7+ Kxf7 33.Re5 d3 34.Kf1 Be7 35.Re3 d2
36.Ke2 Bg5 37.Re5 Kf6 38.Rc5 Re8+ 39.Kd3 Re1 40.Kc2 Re2 41.g4 Kg6 42.h4 Be3
43.Rf5 Rf2 44.Kd3 Rxf3 45.Ke2 Rg3 46.h5+ Kh7 47.Rxd2 Bxd2 48.Kxd2 Rxg4 49.Ke3 Rg2
50.a4 Rb2 51.a5 Rxb3+ 52.Kd4 Ra3  0-1

[Event "TCh-AUT 2 West 2012-13"]
[Site "Rum AUT"]
[Date "2012.12.02"]
[Round "6.1"]
[White "Fedorovsky,M"]
[Black "Prusikin,M"]
[Result "0-1"]
[WhiteElo "2402"]
[BlackElo "2545"]

1.d4 d5 2.c4 e6 3.Nc3 Be7 4.Nf3 Nf6 5.Bf4 O-O 6.e3 Nbd7 7.c5 Ne4 8.Qc2 f5
9.h3 c6 10.Be2 Qa5 11.O-O Nxc3 12.bxc3 b6 13.cxb6 axb6 14.c4 Ba6 15.Nd2 Bb4
16.Nf3 Rfc8 17.g4 Bxc4 18.Bxc4 dxc4 19.Qxc4 Qd5 20.Qxb4 Qxf3 21.Qe7 Nf6 22.Bh6 Ne8
23.Qxe6+ Kh8 24.Qf7 fxg4 25.Qxf3 gxf3 26.Bf4 Nf6 27.Rfc1 Ra5 28.Rc2 Ne4 29.Rb1 b5
30.Rb4 Rca8 31.Rbb2 Kg8 32.Be5 R8a6 33.Kf1 Kf7 34.Bc7 Ra3 35.Be5 g5 36.Kg1 h5
37.Kh2 Ke6 38.Kg1 Kd5 39.Kh2 Rd3 40.Rc1 Ra4 41.Bg7 Rc4 42.Rg1 Rdc3 43.Rg3 Nxg3
44.Kxg3 Ke4 45.d5 h4+ 46.Kh2 Rc1 47.dxc6 Rf1  0-1

[Event "Doroshkevicha Mem Open 2012"]
[Site "Sochi RUS"]
[Date "2012.12.04"]
[Round "9"]
[White "Tregubov,P"]
[Black "Korneev,O"]
[Result "1/2-1/2"]
[WhiteElo "2601"]
[BlackElo "2602"]

1.d4 d5 2.c4 e6 3.Nf3 Nf6 4.Nc3 Be7 5.Bf4 O-O 6.e3 Nbd7 7.c5 c6 8.Bd3 b6
9.b4 a5 10.a3 Ba6 11.O-O Qc8 12.h3 Qb7 13.Qc2 Bxd3 14.Qxd3 axb4 15.axb4 Rxa1
16.Rxa1 Ra8 17.Qb1  1/2-1/2

[Event "4th London Classic Open"]
[Site "London ENG"]
[Date "2012.12.06"]
[Round "6.2"]
[White "Williams,Si1"]
[Black "Hamitevici,V"]
[Result "1/2-1/2"]
[WhiteElo "2515"]
[BlackElo "2440"]

1.d4 Nf6 2.Nf3 e6 3.c4 d5 4.Nc3 Be7 5.Bf4 O-O 6.e3 b6 7.Bd3 Bb7 8.cxd5 exd5
9.Ne5 c5 10.O-O Nc6 11.Qf3 cxd4 12.Nxc6 Bxc6 13.exd4 g6 14.Rfe1 Nh5 15.Bh6 Ng7
16.Bb5 Bxb5 17.Nxb5 Bg5 18.Bxg7 Kxg7 19.Rad1 Qd7 20.Nc3 Rae8 21.Re5 Rxe5
22.dxe5 d4 23.h4 Bxh4 24.Qe4 Be7 25.Rxd4 Qe6 26.g4 Bc5 27.Rd2  1/2-1/2

[Event "5th Kolkata Open"]
[Site "Kolkata IND"]
[Date "2012.12.07"]
[Round "5"]
[White "Gupta,Ab"]
[Black "Vaibhav,S"]
[Result "1/2-1/2"]
[WhiteElo "2662"]
[BlackElo "2494"]

1.d4 Nf6 2.c4 e6 3.Nf3 d5 4.Nc3 Be7 5.Bf4 O-O 6.e3 Nbd7 7.Be2 dxc4 8.O-O a6
9.a4 b6 10.Nd2 Bb7 11.Nxc4 Nd5 12.Bg3 N7f6 13.Qb3 Nxc3 14.bxc3 Ne4 15.Bf4 g5
16.Be5 f6 17.Bg3 Qd5 18.f3 Nxg3 19.hxg3 b5 20.Na5 Qxb3 21.Nxb3 Bc6 22.f4 Rab8
23.Na5 Bd7 24.c4 gxf4 25.gxf4 c5 26.axb5 axb5 27.Nb3 cxd4 28.Nxd4 Bc5 29.Nxb5 Bxe3+
30.Kh2 Ra8 31.Rad1 Bxb5 32.cxb5 Ra4 33.f5 exf5 34.Rxf5 Re8 35.Bf3 Rf4 36.Rxf4 Bxf4+
37.Kh3 Be3 38.Rd7 Re5 39.Rb7 Kf8 40.Bc6 h5 41.b6 Re6 42.Rb8+ Kg7 43.b7 Bf4
44.Rc8 Re1 45.g3 Re3 46.b8=Q Rxg3+ 47.Kh4 Bxb8 48.Rxb8 Rg5 49.Bf3 Kg6 50.Rb7 Re5
51.Kg3 Rg5+ 52.Kh3 Re5 53.Kh4 Kh6 54.Rb4 Rc5 55.Rb6 Rc4+ 56.Kh3 Kg5 57.Rb3 h4
58.Bd5 Rc5 59.Rd3 f5 60.Bb3 Rb5 61.Bd1 Rc5 62.Kg2 Kf4 63.Rd8 Rc3 64.Rh8 Rg3+
65.Kf2 Rh3 66.Ba4 Rh2+ 67.Kg1 Re2 68.Bb5 Rb2 69.Bd3 Rd2 70.Bf1 Kg3 71.Rf8 Kg4
72.Bc4 Kf4 73.Kf1 Rc2 74.Bd3 Rc5 75.Kf2 Rd5 76.Be2 Rd4 77.Rg8 Rb4 78.Rh8 Kg5
79.Bd3 Rb6 80.Rd8 Rc6 81.Kf3 Re6 82.Rd5 Rf6 83.Bc2 Rf7 84.Rd2 Rc7 85.Rg2+ Kf6
86.Bd3 Rg7 87.Rf2 Ke5 88.Ke3 Rg3+ 89.Kd2 Rg5 90.Rh2 Rg4 91.Re2+ Kf6 92.Rf2 Rg5
93.Rf4 Rh5 94.Ke3 h3 95.Rf1 h2 96.Rh1 Rh3+ 97.Kd2 Ke5 98.Bf1 Rh4 99.Ke3 Kf6
100.Kf3 Kg5 101.Bg2 Rh7 102.Kg3 f4+ 103.Kf3 Rh4 104.Ra1 Kf6 105.Bh1 Kf5 106.Ra5+ Kf6
107.Ke4 Kg6 108.Rb5 Kf6 109.Rb8 Kg6 110.Ke5 f3 111.Rg8+ Kf7 112.Rg3 Ke7 113.Rxf3 Ra4
114.Rh3 Ra2 115.Rh7+ Kf8 116.Be4 Re2 117.Kf4 Kg8 118.Rh4 Kf7 119.Bf3 Rb2
120.Kg3 Kf6 121.Rh5 Kg6 122.Ra5 Rb3 123.Ra1 Kf5 124.Rf1 Rb2 125.Bg2+ Ke5
126.Re1+ Kd6 127.Re3 Rb4 128.Ra3 Rd4 129.Kxh2 Kc5 130.Kg3 Kd6 131.Re3 Rb4
132.Be4 Ke5 133.Kf3 Rd4 134.Ra3 Rc4 135.Ra5+ Kd4 136.Rd5+ Kc3 137.Ke3 Rb4
138.Bd3 Rb3 139.Rd8 Rb4 140.Rc8+ Kb2 141.Bc4 Rb6 142.Kd2 Rb4 143.Bd3 Rb3
144.Rh8 Ka3 145.Bc4 Rb2+ 146.Kc3 Rb3+ 147.Kd4 Rb2 148.Kc5 Rc2 149.Rb8 Rc1
150.Ra8+ Kb2 151.Kb4 Rc2 152.Bd3 Rc3 153.Rd8 Rb3+ 154.Kc4 Rc3+ 155.Kd4 Rb3
156.Rh8 Ka3 157.Bc4 Rb2 158.Kc5 Rc2 159.Rb8 Rc1 160.Kd4 Rc2 161.Bb3 Rc3 162.Bd5 Rc2
163.Rb3+ Ka2 164.Bc4 Rb2 165.Rh3+ Kb1 166.Kc3 Rc2+ 167.Kb3 Rb2+ 168.Ka3 Rb8
169.Bb3 Ra8+ 170.Kb4 Rc8 171.Rh2 Kc1 172.Bc4 Kd1 173.Kc3 Re8 174.Rf2 Re7
175.Rf8 Re3+ 176.Bd3 Re7 177.Rf2 Rc7+ 178.Kd4 Kc1 179.Bc4 Kd1 180.Kc3  1/2-1/2

[Event "22nd TCh-SLO 2012"]
[Site "Slovenia SLO"]
[Date "2012.12.08"]
[Round "8"]
[White "Sebenik,M"]
[Black "Dizdar,G"]
[Result "1/2-1/2"]
[WhiteElo "2543"]
[BlackElo "2499"]

1.d4 Nf6 2.c4 e6 3.Nf3 d5 4.Nc3 Be7 5.Bf4 O-O 6.Rc1 b6 7.e3 c5 8.dxc5 bxc5
9.Be2 Bb7 10.O-O Nbd7 11.cxd5 exd5 12.Ne5 Nxe5 13.Bxe5 Bd6 14.Bxf6 Qxf6 15.Bf3 Rfd8
16.Nxd5 Qxb2 17.g3 Rab8 18.Qa4 Bxg3 19.hxg3 Bxd5 20.Bxd5 Rxd5 21.Qxa7 Rdd8
22.Rxc5 Ra8 23.Rd5 Re8 24.Qd4 Qxd4 25.Rxd4 Rxa2 26.Rfd1 g6 27.Rd8 Rxd8 28.Rxd8+ Kg7
29.Kg2 h5 30.Rd6 f5 31.Rb6  1/2-1/2

[Event "3rd Bali Femenino Int"]
[Site "Benidorm ESP"]
[Date "2012.12.09"]
[Round "9.5"]
[White "Batsiashvili,N"]
[Black "Nicolas Zapata,I"]
[Result "1-0"]
[WhiteElo "2425"]
[BlackElo "2217"]

1.d4 Nf6 2.c4 e6 3.Nf3 d5 4.Nc3 Be7 5.Bf4 O-O 6.e3 c5 7.dxc5 Bxc5 8.a3 dxc4
9.Bxc4 a6 10.O-O b5 11.Bd3 Bb7 12.Qc2 Nbd7 13.e4 h6 14.Rad1 Qe7 15.Qe2 Rfd8
16.h3 Nf8 17.Bc1 Ng6 18.Rfe1 Nh5 19.Qc2 Nhf4 20.Bf1 Qf6 21.Be3 Bd6 22.Nh2 Ne5
23.g3 Nfg6 24.f4 Nc4 25.Bxc4 bxc4 26.e5 Nxe5 27.fxe5 Qxe5 28.Bf2 Qg5 29.h4 Qf6
30.Ne4 Qg6 31.Qxc4 Be5 32.Rxd8+ Rxd8 33.Qe2 Bd5 34.Nf3 Bb8 35.Kg2 e5 36.Rd1 f5
37.Nc3 Qc6 38.Nxd5 Rxd5 39.Rxd5 Qxd5 40.Qd2 Qb7 41.Be3 e4 42.Nd4 f4 43.gxf4 Bxf4
44.b4 g5 45.Nf5 Kh7 46.Qd4 Kg6 47.Nd6  1-0

[Event "Bundesliga 2012-13"]
[Site "Emsdetten GER"]
[Date "2012.12.09"]
[Round "6"]
[White "Meins,G"]
[Black "Svane,R"]
[Result "1/2-1/2"]
[WhiteElo "2473"]
[BlackElo "2394"]

1.d4 Nf6 2.c4 e6 3.Nf3 d5 4.Nc3 Be7 5.Bf4 O-O 6.e3 Nbd7 7.c5 Nh5 8.Bd3 Nxf4
9.exf4 b6 10.b4 a5 11.a3 c6 12.O-O Qc7 13.Ne5 Nxe5 14.fxe5 axb4 15.axb4 Rxa1
16.Qxa1 bxc5 17.bxc5 f6 18.f4 fxe5 19.fxe5 g6 20.Rxf8+ Kxf8 21.Qa8 Bg5 22.Nd1 Kg7
23.g3 Qb7 24.Qxb7+ Bxb7 25.Kf2 Bd2 26.Ke2 Bb4 27.h4 Ba5 28.Kf2 Bc8 29.g4 h6
30.h5 g5 31.Ke3 Kf7 32.Nf2 Ke7 33.Nh3 Bb7 34.Ng1 Bc8 35.Nf3 Bb7 36.Ke2 Bc8
37.Kd1 Bb7 38.Kc2 Bb4 39.Kb3 Ba5 40.Ka4 Bc3 41.Kb3 Ba5 42.Ka4 Bc3 43.Kb3  1/2-1/2

[Event "IX Regina Helena Marques Prol"]
[Site "Santos BRA"]
[Date "2012.12.12"]
[Round "3.4"]
[White "Abdalla,L"]
[Black "Molina,Rob"]
[Result "1-0"]
[WhiteElo "2322"]
[BlackElo "2418"]

1.d4 d5 2.c4 e6 3.Nc3 Be7 4.Nf3 Nf6 5.Bf4 O-O 6.e3 Nbd7 7.c5 Nh5 8.Bd3 Nxf4
9.exf4 c6 10.O-O b6 11.b4 a5 12.a3 Qc7 13.g3 Ba6 14.Bxa6 Rxa6 15.Qe2 Rfa8
16.b5 R6a7 17.f5 Bf6 18.fxe6 Re8 19.exf7+ Kxf7 20.cxb6 Nxb6 21.Qd3 Kg8 22.Rac1 c5
23.dxc5  1-0

[Event "Polonia Wroclaw Cup GM"]
[Site "Wroclaw POL"]
[Date "2012.12.12"]
[Round "9"]
[White "Kolosowski,M"]
[Black "Grabarczyk,M"]
[Result "0-1"]
[WhiteElo "2442"]
[BlackElo "2455"]

1.d4 d5 2.c4 e6 3.Nf3 Nf6 4.Nc3 Be7 5.Bf4 O-O 6.e3 Nbd7 7.Qc2 c5 8.Rd1 cxd4
9.Rxd4 Qa5 10.cxd5 Nxd5 11.Ra4 Qc5 12.Rc4 Qa5 13.Nd2 Nxc3 14.Qxc3 Qxa2 15.Bd3 Nb6
16.Bb1 Qa6 17.Bh6 e5 18.Qxe5 Bf6 19.Qe4 g6 20.Rc5 Rd8 21.Qb4 Qa4 22.Qxa4 Nxa4
23.Ra5 Nxb2 24.Ne4 Bg7 25.Bxg7 Rd1+ 26.Ke2 Rxh1 27.Bxb2 Rxb1 28.Rb5 b6 29.Nf6+ Kh8
30.Nd5+ Rxb2+ 31.Rxb2 Bb7 32.Nf4 g5 33.Nh3 h6 34.f3 b5 35.Kd2 Bc6 36.Nf2 a5
37.Nd3 b4 38.e4 Kg7 39.g3 Bb5 40.Nc5 Rd8+ 41.Ke3 Rc8 42.Kd4 Rd8+ 43.Ke3 Rd1
44.e5 Rd5 45.Ne4 Rxe5 46.Kd4 Re6 47.Kc5 Bc6 48.Nd6 Bxf3 49.Nc4 Re2 50.Rxe2 Bxe2
51.Nxa5 Kg6 52.Kxb4 Kf5 53.Nc6 Ke4 54.Kc3 Bh5 55.Kd2 Kf3 56.Ne7 Kg2 57.Ke3 Kxh2
58.Kf2 Bg6 59.Ng8 h5 60.Nf6 Kh3 61.Kf3 h4 62.gxh4 Kxh4 63.Kg2 Bf5  0-1

[Event "Amplico ch-EUR Blitz"]
[Site "Warsaw POL"]
[Date "2012.12.14"]
[Round "10.2"]
[White "Sargissian,G"]
[Black "Fridman,D"]
[Result "1-0"]
[WhiteElo "2666"]
[BlackElo "2667"]

1.d4 d5 2.c4 e6 3.Nc3 Be7 4.Nf3 Nf6 5.Bf4 O-O 6.e3 b6 7.Bd3 Ba6 8.Qe2 c5
9.O-O Nc6 10.dxc5 Nb4 11.Ne5 Bxc5 12.Nb5 Nxd3 13.Qxd3 dxc4 14.Qxc4 Qd5 15.a4 Rfc8
16.Rfd1 Qb7 17.Qb3 Nd5 18.Bg3 Qe7 19.Nd3 Qf8 20.Nxc5 Qxc5 21.e4 Nf6 22.Nd6 Rc6
23.Qf3 Qc2 24.Re1 Rd8 25.e5 Rcxd6 26.exd6 Qxb2 27.Be5 Qb4 28.Bxf6 gxf6 29.Qxf6 Rxd6
30.Rad1 Be2 31.Rb1 Qa5 32.h3 Bd3 33.Rbd1 Qb4 34.Re3 Bg6 35.Rxd6 Qxd6 36.Re1 h5
37.Qb2 Kh7 38.Qc3 Qf4 39.Ra1 Qe4 40.a5 bxa5 41.Qxa5 Qc6 42.Qxa7 Qd6 43.Qe3 Qb4
44.Re1 Qh4 45.Qe5 Qd8 46.Rc1 Qa8 47.Kh2 Qd8 48.f3 Qf8 49.Rc5 Qd8 50.Rb5 Qe7
51.Rb8 f6 52.Qg3 Bf7 53.Rc8 e5 54.Rc3 Bg6 55.Qe1 Qd6 56.Qc1 e4+ 57.f4 Bf5
58.Rc6 Qd4 59.Qc3 Qf2 60.Qg3  1-0

[Event "Amplico ch-EUR Rapid"]
[Site "Warsaw POL"]
[Date "2012.12.15"]
[Round "1.24"]
[White "Bartel,Mat"]
[Black "Psyk,Radoslaw"]
[Result "1-0"]
[WhiteElo "2629"]
[BlackElo "1741"]

1.d4 d5 2.c4 e6 3.Nf3 Nf6 4.Nc3 Be7 5.Bf4 O-O 6.e3 Nbd7 7.a3 b6 8.Nb5 c6
9.Nc3 Bb7 10.cxd5 Nxd5 11.Nxd5 exd5 12.Bd3 Nf6 13.O-O Bd6 14.Bg5 h6 15.Bh4 Re8
16.Rc1 Rc8 17.Qe2 c5 18.dxc5 bxc5 19.Bf5 Rc7 20.b4 cxb4 21.Rxc7 Qxc7 22.Bxf6 gxf6
23.axb4 Qc4 24.Bd3 Qg4 25.h3 Qh5 26.Ba6 Ba8 27.Rc1 Qf5 28.Nd4 Qe5 29.Qg4+ Kh8
30.Rc8  1-0

[Event "SportAccord Blitz Women 2012"]
[Site "Beijing CHN"]
[Date "2012.12.16"]
[Round "8.4"]
[White "Socko,M"]
[Black "Zatonskih,A"]
[Result "1/2-1/2"]
[WhiteElo "2445"]
[BlackElo "2489"]

1.d4 d5 2.c4 e6 3.Nc3 Be7 4.Nf3 Nf6 5.Bf4 O-O 6.e3 Nbd7 7.Rc1 c6 8.Be2 Re8
9.O-O Nh5 10.Be5 f6 11.Bg3 Nxg3 12.hxg3 Nb6 13.b3 Bb4 14.Qc2 f5 15.Rcd1 Qe7
16.Ne5 Nd7 17.Nxd7 Bxd7 18.Bd3 Rf8 19.Ne2 Bd6 20.g4 g6 21.gxf5 gxf5 22.g3 Kh8
23.Kg2 dxc4 24.bxc4 Rg8 25.Rh1 Rg7 26.Rh6 Rag8 27.Rdh1 b6 28.Kf1 Bc8 29.d5 cxd5
30.cxd5 Bb7 31.Rxe6 Qc7 32.Rhh6 Qxc2 33.Bxc2 Bb4 34.Bb3 Rd8 35.Re5 Ba6 36.Rc6 Rf8
37.d6 Bb7 38.Rc7 Bxd6 39.Rxg7 Kxg7 40.Re6 Bc5 41.Nf4 Rd8 42.Ke2 Ba6+ 43.Kf3 Bb7+
44.Ke2 Ba6+ 45.Kf3 Bb7+ 46.Ke2 Ba6+  1/2-1/2

[Event "Amplico ch-EUR Rapid"]
[Site "Warsaw POL"]
[Date "2012.12.16"]
[Round "10.48"]
[White "Volodin,Alek"]
[Black "Sabuk,P"]
[Result "1-0"]
[WhiteElo "2506"]
[BlackElo "2195"]

1.d4 d5 2.c4 e6 3.Nc3 Be7 4.Nf3 Nf6 5.Bf4 O-O 6.e3 Nbd7 7.c5 c6 8.Bd3 b6
9.b4 a5 10.a3 Bb7 11.h3 Qc8 12.O-O Ba6 13.Rb1 Qb7 14.b5 cxb5 15.Nxb5 Bxb5
16.Rxb5 Rfc8 17.Qb1 Bd8 18.Ne5 Nxe5 19.Bxe5 Ne4 20.Bxe4 dxe4 21.cxb6 Ra6
22.Bc7 Bxc7 23.bxc7 Qxc7 24.Qxe4 g6 25.Rc5 Rc6 26.Rfc1 Rxc5 27.Rxc5 Qb8 28.Qc2 Rxc5
29.dxc5 Qc7 30.c6 Kf8 31.Qc5+ Ke8 32.a4 f6 33.h4 h5 34.g3 Kf7 35.Kf1 Ke8
36.Ke2 Kf7 37.Kd3 Ke8 38.Kc4 Kf7 39.Kb5  1-0

[Event "19th Zadar Open B"]
[Site "Zadar CRO"]
[Date "2012.12.17"]
[Round "2.1"]
[White "Brunski,I"]
[Black "Blazeka,M"]
[Result "0-1"]
[WhiteElo "2111"]
[BlackElo "2271"]

1.d4 d5 2.Nf3 Nf6 3.c4 e6 4.Nc3 Be7 5.Bf4 O-O 6.e3 b6 7.cxd5 exd5 8.Bd3 Bb7
9.Qc2 c5 10.O-O c4 11.Be2 Nc6 12.Ne5 a6 13.Nxc6 Bxc6 14.Bf3 b5 15.Rfd1 Re8
16.Bg5 h6 17.Bh4 b4 18.Ne2 g5 19.Bg3 g4 20.Bxg4 Nxg4 21.Qf5 Nf6 22.Qh3 Bf8
23.Bf4 Bd7 24.Qg3+ Kh7 25.Be5 Ne4 26.Qf3 f6 27.Bf4 Qe7 28.Ng3 Nxg3 29.Qxg3 Bf5
30.f3 Qg7 31.Qh4 Rad8 32.g4 Bd3 33.Qg3 Re6 34.Kf2 f5 35.g5 h5 36.g6+ Qxg6
37.Qh3 Bh6 38.Qh4 Rxe3 39.Bxe3 Bxe3+ 40.Kxe3 Re8+ 41.Kf4 Qd6+  0-1

[Event "19th Zadar Open A"]
[Site "Zadar CRO"]
[Date "2012.12.21"]
[Round "8.3"]
[White "Kozul,Z"]
[Black "Rezan,S"]
[Result "1-0"]
[WhiteElo "2638"]
[BlackElo "2436"]

1.d4 Nf6 2.Nf3 e6 3.c4 d5 4.Nc3 Be7 5.Bf4 O-O 6.e3 c5 7.dxc5 Bxc5 8.Qc2 Nc6
9.a3 Qa5 10.Rd1 Be7 11.Be2 e5 12.Nxe5 Nxe5 13.Bxe5 dxc4 14.Bxf6 Bxf6 15.Bxc4 Bf5
16.Bd3 Bxd3 17.Rxd3 Rfd8 18.O-O Rxd3 19.Qxd3 Rd8 20.Qc4 Bxc3 21.bxc3 Qxa3
22.Qc7 Rf8 23.Qxb7 Qxc3 24.Qxa7 h6 25.Rd1 Qf6 26.Qc7 Re8 27.h3 Rf8 28.Rd4 Re8
29.g4 Rf8 30.Kg2 Re8 31.Qb7 Rf8 32.Qd7 Qa6 33.h4 Qa8+ 34.e4 Qb8 35.Qf5 Rd8
36.Rc4 Re8 37.h5 Qd8 38.Rc6 Qe7 39.f3 Qb4 40.Qd5 Qb2+ 41.Kg3 Qa1 42.Qd2 Qg1+
43.Qg2 Qe3 44.Qc2 Qg1+ 45.Kf4 Qd4 46.Rc8 Qd6+ 47.Ke3 Rxc8 48.Qxc8+ Kh7 49.Qf5+ Kg8
50.Qd5 Qa3+ 51.Qd3 Qc1+ 52.Kd4 Qb2+ 53.Kc4 Qa2+ 54.Kc5 Qa7+ 55.Kb4 Qb6+ 56.Qb5 Qd4+
57.Qc4 Qb2+ 58.Ka4 Qb8 59.Qc6 Qd8 60.Qd5 Qb8 61.e5 Qa7+ 62.Kb5 Qb8+ 63.Kc4 Qc7+
64.Kd3 Qb6 65.Ke4 Qb1+ 66.Qd3 Qb7+ 67.Ke3 Qb6+ 68.Qd4 Qb3+ 69.Kf4 Qb8 70.Kg3 Qa8
71.Qe3 Qd5 72.f4 Qd1 73.f5 Kf8 74.Qc3 Qg1+ 75.Kf3 Qf1+ 76.Ke3 Kg8 77.Qc8+ Kh7
78.Qc2 Qh3+ 79.Kf4 Qf1+ 80.Ke4 Qh1+ 81.Kd4 Qa1+ 82.Kd5 Qa8+ 83.Qc6 Qa5+ 84.Qc5 Qa8+
85.Qc6 Qa5+ 86.Kd6 Qb4+ 87.Qc5 Qxg4 88.e6 Qf4+ 89.Kd7 fxe6 90.fxe6 Qa4+ 91.Kc7 Kg8
92.Kd8 Qh4+ 93.e7 Qf6 94.Qd5+  1-0

[Event "6th Augusta Aragon Open"]
[Site "Zaragoza ESP"]
[Date "2012.12.22"]
[Round "1.3"]
[White "Mirzoev,A"]
[Black "Torcal Andolz,A"]
[Result "1-0"]
[WhiteElo "2553"]
[BlackElo "1805"]

1.d4 d5 2.c4 e6 3.Nc3 Nf6 4.Nf3 Be7 5.Bf4 c6 6.e3 O-O 7.h3 Nbd7 8.Rc1 dxc4
9.Bxc4 Nb6 10.Bd3 c5 11.dxc5 Bxc5 12.O-O Qe7 13.Bg5 h6 14.Bxf6 gxf6 15.Ne4 Nd7
16.Nxc5 Nxc5 17.Bb1 f5 18.Qd4 Nd7 19.Rc7 Qf6 20.Rxd7  1-0

[Event "5th Marseille Open"]
[Site "Marseille FRA"]
[Date "2012.12.26"]
[Round "1.4"]
[White "Rusev,K"]
[Black "Scherrer,G"]
[Result "1-0"]
[WhiteElo "2539"]
[BlackElo "1800"]

1.d4 e6 2.c4 d5 3.Nf3 Nf6 4.Nc3 Be7 5.Bf4 c6 6.e3 Nbd7 7.Qc2 b6 8.cxd5 exd5
9.Nb5 cxb5 10.Bc7 Bb4+ 11.Kd1 Qe7 12.Qc6 O-O 13.Qxa8 Ne4 14.Bg3 Nxg3 15.hxg3 Nf6
16.Qc6 Bd7 17.Qc2 Rc8 18.Qe2 Bf5 19.a3 Bc2+ 20.Qxc2 Rxc2 21.Kxc2 Qc7+ 22.Kb1 Bd6
23.Bxb5 h6 24.Rc1 Qe7 25.Rc8+ Kh7 26.Bd3+ g6 27.Ka2 Ne4 28.Rc2 Qe6 29.Rac1 g5
30.Nd2 f5 31.Nxe4 dxe4+ 32.Bc4 Qd7 33.Ka1 f4 34.gxf4 gxf4 35.Bd5 Qf5 36.Bb7 Kg7
37.Rc6 Qf8 38.Rc8 Qe7 39.Bd5 Kf6 40.Ka2 Qd7 41.R1c6 Kf5 42.Ka1 Qe7 43.Rg8  1-0